Sartre par lui-même
Saved in:
| Hovedforfatter: | |
|---|---|
| Format: | Bog |
| Sprog: | fransk |
| Udgivet: |
París
Du Seuil
1955
|
| Serier: | Ecrivains de Toujours, 29
|
| Fag: | |
| Tags: |
Tilføj Tag
Ingen Tags, Vær først til at tagge denne postø!
|
MARC
| LEADER | 00000cam a2200000 a 4500 | ||
|---|---|---|---|
| 001 | UCZ3784 | ||
| 003 | CL-VaPUC | ||
| 008 | 951027e19550000FR |||||||||||||||||fre|d | ||
| 082 | 0 | 4 | |a 142.78 |b JEA |2 21 |
| 100 | |a Jeanson, Francis |e author |9 347619 | ||
| 245 | 1 | 0 | |a Sartre par lui-même |
| 300 | |a 188 p | ||
| 942 | |c BK | ||
| 945 | |d 19951027 00:00:00 |a cmena | ||
| 260 | |a París |b Du Seuil |c 1955 | ||
| 650 | 0 | |a Existencialismo |9 265698 | |
| 650 | 0 | |a Filosofía francesa |9 255698 | |
| 650 | 0 | |a Escuelas filosóficas |9 266232 | |
| 583 | |a last modification |c 20140821 01:19:04 |k Rodrigo Vera | ||
| 490 | 0 | |a Ecrivains de Toujours, 29 | |
| 999 | |c 240232 |d 240230 | ||
| 952 | |0 0 |1 0 |4 0 |6 142_780000000000000_JEA_1955 |7 0 |8 P |9 251961 |a BIBEDU |b BIBEDU |c BIBEDU_PB |d 2019-11-18 |i 1588885 |o 142.78 JEA 1955 |p 1588885 |r 2024-01-25 |w 2019-11-18 |y BK |k FIL | ||
| 952 | |0 0 |1 0 |4 0 |6 142_780000000000000_JEA_1955 |7 0 |8 A |9 251962 |a FDOPOS |b FDOPOS |d 2019-11-18 |i 149564K |o 142.78 JEA 1955 |p 149564K |r 2025-01-22 |w 2019-11-18 |y BK |k MLH | ||
| 952 | |0 0 |1 0 |3 erb |4 0 |6 142_780000000000000_JEA_1955 |7 0 |8 P |9 251963 |a BIBEDU |b BIBEDU |c BIBEDU_PB |i 5002818 |o 142.78 JEA 1955 |p 5002818 |r 2024-01-25 |w 2019-11-18 |y BK |z Catalogado en:20140821 |k FIL | ||